What Movie? Back to the Camera XXI Quiz Stats

 Plays Quiz Updated May 20, 2018

Challenge
Share
Tweet
Score 0/25 Timer 08:00
1 Play Today
% Correct
The Jungle Book
98.3%
Kill Bill: Volume 1
87.5%
Moana
84.7%
The Terminator
63.3%
Bring It On
63%
Back to the Future Part II
62.3%
Starship Troopers
50.6%
Spaceballs
49.6%
The Sandlot
47.9%
I Know What You Did Last Summer
44.4%
Babe
44.1%
Cloverfield
43.6%
The Lost Boys
41.6%
% Correct
The Machinist
41%
The Last Samurai
39%
Twilight
38.8%
Midnight in Paris
36.6%
American Sniper
35.8%
Happy Gilmore
29.6%
Dog Day Afternoon
28.6%
Batman Begins
27.4%
Australia
26%
Constantine
22.6%
Ghost World
16.2%
Stardust
16.1%

You're not logged in!

Compare scores with friends on all Sporcle quizzes.
OR
Log In

You Might Also Like...

Show Comments

Extras

Top Quizzes Today


Score Distribution

Your Account Isn't Verified!

In order to create a playlist on Sporcle, you need to verify the email address you used during registration. Go to your Sporcle Settings to finish the process.

Report this User

Report this user for behavior that violates our Community Guidelines.

Details: